| 000 | 00479pab a2200169 454500 | ||
|---|---|---|---|
| 008 | 180718b1990 xxu||||| |||| 00| 0 eng d | ||
| 100 | _aUpadhyaya, Hari K. | ||
| 245 | _aDifferential adoption of modern rice technology and regional wage differential in Nepal | ||
| 260 | _c1990 | ||
| 300 | _a450-68 | ||
| 362 | _aApr. | ||
| 650 | _aFarm Produce - Nepal | ||
| 700 | _aCristina C. David | ||
| 700 | _aKeijiro Otsuka | ||
| 773 | _aJournal of Development Studies | ||
| 909 | _a8329 | ||
| 999 |
_c8329 _d8329 |
||